Droit vers le cercle arctique ! - Statistiques

Statistiques générales
  • Ce quiz a été pris 1 005 fois
  • Le résultat moyen est 16 sur 18
Statistiques - réponses
Dedans ? Pays % Correct
Canada
98%
Norvège
98%
Russie
98%
États-Unis
97%
Royaume-Uni
97%
France
96%
Suède
96%
Finlande
95%
Danemark (Groenland)
93%
Islande
92%
Irlande
89%
Espagne (Canaries)
86%
Portugal (Açores)
85%
Pays-Bas
83%
Belgique
80%
Brésil
80%
Maroc
76%
Cap-Vert
66%
Aucun quiz correspondant
Distribution des résultats
% des personnes avec chaque résultat
Percentile par nombre de réponses
Votre historique - résultats
Vous n’avez pas pris ce quiz